000 00488nam a22001817a 4500
005 20240304142254.0
008 240304b |||||||| |||| 00| 0 eng d
020 _a9780470317266
082 _a005.133
_bDAV-C
100 _aDavis, Stephen R.
245 _aC++ for dummies /
_cStephen R.Davis
250 _a6th ed.
260 _aIndia:
_bJohn&Wiley;
_c2009.
300 _axviii,402 p:
_bill,
_c23 cm.
500 _aInclude Index.
650 _aComputer Science/Programming
999 _c35201
_d35201